[Event "FRA-ch opB U18"]
[Site "Calvi"]
[Date "2005.04.??"]
[Round "8"]
[White "Cornaton, Maxence"]
[Black "Robinson, Sean"]
[Result "1/2-1/2"]
[WhiteElo "1380"]
[BlackElo "1200"]
[PlyCount "81"]
[EventDate "2005.04.??"]
[EventType "swiss"]
[EventRounds "9"]
[EventCountry "FRA"]
[SourceTitle "EXT 2006"]
[Source "ChessBase"]
[SourceDate "2005.11.24"]
[SourceVersion "1"]
[SourceVersionDate "2005.11.24"]
[SourceQuality "1"]

1. b4 d5 2. Bb2 Nc6 3. b5 Ne5 4. Bxe5 e6 5. e3 Nf6 6. Qf3 Be7 7. Bd3 0-0 8. e4 dxe4 9. Bxe4 Bb4 10. c3 Bd6 11. Qf4 Bxe5 12. Qxe5 Qd6 13. Qxd6 cxd6 14. Bd3 b6 15. Nf3 e5 16. Ng5 Re8 17. 0-0 e4 18. Bc2 Re5 19. Nh3 Bxh3 20. gxh3 Rg5+ 21. Kh1 Rh5 22. d3 exd3 23. Bxd3 Rxh3 24. Rg1 Rxd3 25. Rg2 Ne4 26. c4 Rd1+ 27. Rg1 Rxg1+ 28. Kxg1 Rc8 29. Na3 Nd2 30. Rd1 Nxc4 31. Nxc4 Rxc4 32. Rxd6 g6 33. Rd7 Ra4 34. Rd8+ Kg7 35. Kg2 Rxa2 36. Kg3 Ra5 37. h4 h5 38. Rd5 a6 39. f4 f5 40. Rd7+ Kh6 41. Kf3 1/2-1/2